书目信息 |
| 题名: |
炼焦工艺
|
|
| 作者: | 王晓琴 主编 | |
| 分册: | ||
| 出版信息: | 北京 化学工业出版社 2005 |
|
| 页数: | 280页 | |
| 开本: | 26cm | |
| 丛书名: | ||
| 单 册: | ||
| 中图分类: | TQ520.6 | |
| 科图分类: | ||
| 主题词: | 炼焦--工艺学--高等教育--教材 , 炼焦 | |
| 电子资源: | ||
| ISBN: | 7-5025-5749-0 | |
| 000 | 00927nam0 2200265 450 | |
| 001 | 002841153 | |
| 005 | 20070720105157.43 | |
| 010 | @a7-5025-5749-0@dCNY30.00 | |
| 035 | @a002841153 | |
| 100 | @a20050221e20072005em y0chiy0110 ea | |
| 101 | 0 | @achi |
| 102 | @aCN@b110000 | |
| 105 | @ay z 000yy | |
| 106 | @ar | |
| 200 | 1 | @a炼焦工艺@Alian jiao gong yi@f王晓琴主编@Fwang xiao qin zhu bian |
| 210 | @a北京@c化学工业出版社@d2005@h2007重印 | |
| 215 | @a280页@d26cm | |
| 300 | @a教育部高职高专规划教材 | |
| 330 | @a本书介绍了焦炭的用途及质量要求、炼焦用煤的预处理技术、炭化室的结焦过程、焦炉结构与生产操作过程、焦炉机械与附属设备及焦炉的加热制度等炼焦生产的基本内容,并介绍了焦炉热工评定、焦炉气体力学、焦炉传热等热工原理。 | |
| 606 | 0 | @a炼焦@x工艺学@x高等教育@j教材 |
| 606 | 0 | @a炼焦 |
| 690 | @aTQ520.6@v4 | |
| 701 | 0 | @a王晓琴@Awang xiao qin@c(煤炭)@4主编 |
| 801 | 0 | @aCN@bNLC@c20070720 |
| 905 | @dTQ520.6@e18@f5 | |
| 炼焦工艺/王晓琴主编.-北京:化学工业出版社,2005(2007重印) |
| 280页;26cm |
| 教育部高职高专规划教材 |
| ISBN 7-5025-5749-0:CNY30.00 |
| 本书介绍了焦炭的用途及质量要求、炼焦用煤的预处理技术、炭化室的结焦过程、焦炉结构与生产操作过程、焦炉机械与附属设备及焦炉的加热制度等炼焦生产的基本内容,并介绍了焦炉热工评定、焦炉气体力学、焦炉传热等热工原理。 |
| ● |
| 相关链接 |
|
|
|
|
正题名:炼焦工艺
索取号:TQ520.6/18
 
预约/预借
| 序号 | 登录号 | 条形码 | 馆藏地/架位号 | 状态 | 备注 |
| 1 | 0850147 | 208501478 | 第二样本阅览室/ [索取号:TQ520.6/18] | 在馆 | |
| 2 | 0850148 | 208501487 | 第三借阅区/ [索取号:TQ520.6/18] | 在馆 | |
| 3 | 0850149 | 208501496 | 第三借阅区/ [索取号:TQ520.6/18] | 在馆 | |
| 4 | 0850150 | 208501502 | 第三借阅区/ [索取号:TQ520.6/18] | 在馆 | |
| 5 | 0850151 | 208501511 | 第三借阅区/ [索取号:TQ520.6/18] | 在馆 |